Top 25 Fastest Players Of All Time In The NFL - Statistics

General Stats
  • This quiz has been taken 713 times
  • The average score is 6 of 25
Answer Stats
Position Answer % Correct
4 CB Deion Sanders
73%
10 RB Chris Johnson
67%
2 RB Bo Jackson
56%
25 WR/SP DeSean Jackson
55%
12 WR Randy Moss
47%
17 WR/SP Devin Hester
42%
11 QB Michael Vick
42%
3 CB Darrell Green
33%
14 WR Ron Brown
33%
1 WR Bob Hayes
17%
18 WR/SP Dante Hall
16%
5 CB/S Ike Taylor
13%
21 CB Champ Bailey
11%
7 WR Willie Gault
10%
8 WR Cliff Branch
6%
23 WR Darius Heyward-Bey
6%
20 WR Joey Galloway
6%
24 WR Mike Wallace
6%
22 CB Dominique Rodgers-Cromartie
4%
15 CB Fabian Washington
4%
16 WR Jacoby Ford
4%
6 WR Renaldo Nehemiah
4%
9 WR Trindon Holliday
4%
19 WR Jerome Mathis
3%
13 CB Stanford Routt
3%
No matching quizzes found
Score Distribution
Percent of People with Each Score
Percentile by Number Answered
Your Score History
You have not taken this quiz